000 00572nam a2200169Ia 4500
008 090711s9999 xx 000 0 und d
082 _b40673
100 _aरांगणेकर कुमुदिनी
245 _aस्वप्नाळू प्रीत
260 _c1979
300 _a132
600 _aरांगणेकर कुमुदिनी
630 _aस्वप्नाळू प्रीत
700 _aरांगणेकर कुमुदिनी
730 _aस्वप्नाळू प्रीत
942 _cBOOK
999 _c293877
_d293877